Datum a čas kvízu
18
Celkem bodů
Celkový počet nahraných bodů na tomto kvízu bez doplňovacích otázek.
10.
Pořadí na kvízu
Konečné umístění týmu na tomto kvízu.
Zaznamenané odpovědi
| # | Otázka | Odpověď | Body | Výsledky |
|---|---|---|---|---|
| 1. | Provoz a výrobu v rafinérii v... | Litvínov | 1 | |
| 2. | Letiště Šin-Čitose na japonské... | nůžky | 0 | |
| 3. | Animovaný seriál Bob a Bobek –... | Hádkovi | 1 | |
| 4. | Ve čtvrtek byla zahájena naše... | České Budějovice, 50. ročník | 0 | |
| 5. | Při fotbalovém zápase peruánsk... | močil (u rohového praporku) | 0 | |
| 6. | Historie Texasu je těsně spoje... | San Antonio | 0 | |
| 7. | Hranici mezi Texasem a Mexikem... | Colorado | 1 | |
| 8. | V jižním cípu Texasu se nacház... | Boca Chica | 0 | |
| 9. | Jak se jmenuje severní soused... | Oklahoma | 0 | |
| 10. | Mezi několik známých osobností... | Eva Longoria, Zoufalé manželky | 1 |